Inovace v podmínkách nejistoty

Rozhodnutia o začatí uskutočniteľných inovačných riešení, ich podmienky, ktoré sú predpokladom návratnosti investícií vložených do realizácie špecifikovaných opatrení.

Salvato in:
Dettagli Bibliografici
Autore principale: Pitra, Zbyněk
Natura: Capitolo di libro
Lingua:ceco
Soggetti:
Tags: Aggiungi Tag
Nessun Tag, puoi essere il primo ad aggiungerne!!

MARC

LEADER 00000naa a2200000 4500
001 0158427
005 20231211073529.5
041 0 |a cze 
044 |a CZ 
245 1 0 |a Inovace v podmínkách nejistoty  |c Zbyněk Pitra 
520 |a Rozhodnutia o začatí uskutočniteľných inovačných riešení, ich podmienky, ktoré sú predpokladom návratnosti investícií vložených do realizácie špecifikovaných opatrení. 
610 2 0 |a inovácia 
610 2 0 |a modernizácia 
610 2 0 |a technológie nové 
610 2 0 |a efektívnosť inovácií 
610 2 0 |a manažment inovačný 
610 2 0 |a investície 
100 1 |a Pitra, Zbyněk